000 01109nam a2200265 4500
001 0000013620
003 CO-CtgCURN
005 20250509230146.0
008 160627s1993 000 0 eng d
020 _a9589276407
040 _aCO-CtgCURN
_bspa
_ccoctgcurn
082 0 _a342.03
_bC668
245 0 3 _aLa constitucion de 1991 :
_blos grandes temas y sus implicaciones para la enseñanza del derecho /
_cJuan Carlos Esguerra ... [et al.].
260 _aBogotá :
_bBiblioteca Juridica Dike,
_c1993.
300 _a169 p.
336 _2rdacontent
337 _2rdamedia
_asin mediacion
_bn
338 _2rdacarrier
_avolumen
_bnc
505 8 _aMecanismos de participacion ciudadana.--Implicaciones de la nueva separacion de poderes para la enseñanza del derecho.--Los derechos y la interpretacion de la constitucion hacia un nuevo derecho
650 0 _aAsambleas constituyentes.
700 1 _aEsguerra Portocarrero, Juan Carlos
_aCepeda Espinosa, Manuel José.
908 _a160627
942 _cBK
_h342.03
_iC668
_2ddc
_n0
999 _c19041
_d19041